000 00462nam a2200157Ia 4500
005 20250224144140.0
008 231217s9999 xx 000 0 und d
020 _a9788131411964
082 _a658.3125 SET;1 R
100 _aSethi, Dipti ed.
245 0 _aPerformance management and culture : implications and insights
260 _c2007
_bICFAI Press
_aHyderabad
300 _aviii, 240
650 _aPerformance,management,culture,insights
942 _cAA
999 _c191062
_d191062